| 000 | 00838nam a2200265 i 4500 | ||
|---|---|---|---|
| 003 | vecauma | ||
| 005 | 20260410185353.0 | ||
| 007 | ta | ||
| 008 | 260410s1982 ve |||||r|||| 00| 0 spa d | ||
| 040 |
_avecauma _bspa _cvecauma _dvecauma _erda |
||
| 041 | 0 | _aspa | |
| 099 | _fFOLLETO 0403 | ||
| 100 | 1 |
_aDe-Sola Ricardo, Irma, _d1916-1991 _eautor _913985 |
|
| 245 | 1 | 0 |
_aTeresa de la Parra : _bsemblanza de una escritora _c/ Irma De-Sola Ricardo. |
| 264 | 1 |
_aCaracas, Venezuela : _b[Editorial Arte], _c1982. |
|
| 300 | _a36 páginas. | ||
| 336 |
_atexto _btxt _2rdacontenido |
||
| 337 |
_ano mediado _bn _2rdamedio |
||
| 338 |
_avolumen _bnc _2rdasoporte |
||
| 600 | 1 | 0 |
_92096 _aParra, Teresa de la, _d1889-1936 |
| 651 | 0 |
_98986 _aVENEZUELA _xBIOGRAFIAS |
|
| 655 | 0 |
_912450 _aBIOGRAFIAS |
|
| 942 | 1 |
_2lcc _n0 _cFOL |
|
| 999 |
_c13348 _d13348 |
||